[Event "Ragusa Province-ch"]
[Site "Modica"]
[Date "2010.02.06"]
[Round "7"]
[White "Di Martino, Giancarlo"]
[Black "Schembari, Serafino"]
[Result "1-0"]
[WhiteElo "1661"]
[BlackElo "1604"]
[PlyCount "61"]
[EventDate "2010.01.30"]
[EventType "swiss"]
[EventRounds "8"]
[EventCountry "ITA"]
[SourceTitle "EXT 2024"]
[Source "ChessBase"]
[SourceDate "2023.10.10"]
[SourceVersion "1"]
[SourceVersionDate "2023.10.10"]
[SourceQuality "1"]

1. e4 c5 2. Nf3 Nc6 3. d4 cxd4 4. Nxd4 d6 5. Nc3 Nf6 6. Be3 g6 7. Bb5 Bd7 8. 0-0 a6 9. Nxc6 bxc6 10. Bc4 Bg7 11. Qe2 Ng4 12. Bf4 e5 13. Bg3 h5 14. Qf3 Nh6 15. h3 Qf6 16. Qxf6 Bxf6 17. Rad1 Be7 18. f4 f6 19. Na4 d5 20. exd5 cxd5 21. Bxd5 Rb8 22. Bb3 Nf5 23. Bf2 Bxa4 24. Bxa4+ Kf8 25. fxe5 fxe5 26. g4 hxg4 27. hxg4 Nh4 28. Bxh4+ Kg7 29. Bxe7 Rb6 30. Bb3 Re8 31. Rf7+ 1-0

[Event "Siracusa op 2nd"]
[Site "Siracusa"]
[Date "2007.09.05"]
[Round "5"]
[White "Parla, Aldo"]
[Black "Di Martino, Giancarlo"]
[Result "0-1"]
[WhiteElo "1562"]
[BlackElo "1724"]
[PlyCount "115"]
[EventDate "2007.09.02"]
[EventType "swiss"]
[EventRounds "9"]
[EventCountry "ITA"]
[SourceTitle "EXT 2010"]
[Source "ChessBase"]
[SourceDate "2010.11.25"]
[SourceVersion "1"]
[SourceVersionDate "2010.11.25"]
[SourceQuality "1"]

1. f4 Nc6 2. Nf3 b6 3. e3 Nf6 4. b3 g6 5. Bb2 Bg7 6. c4 0-0 7. Be2 d5 8. 0-0 dxc4 9. Bxc4 Nb4 10. a3 Nd3 11. Bxd3 Qxd3 12. Ne5 Qd6 13. Nc3 Bb7 14. Rc1 Rad8 15. d4 Nd5 16. Qe2 Nxc3 17. Rxc3 c5 18. Nc4 Qd5 19. Rd3 Qf5 20. Rd2 Qe4 21. Qd3 cxd4 22. Qxe4 Bxe4 23. exd4 b5 24. Ne3 f5 25. g4 fxg4 26. Nxg4 e5 27. fxe5 Bf5 28. Rg2 Be4 29. Rxf8+ Rxf8 30. Rf2 Rxf2 31. Kxf2 Kf7 32. Ke3 Bd5 33. b4 Ke6 34. Kf4 h5 35. Nf2 Bh6+ 36. Kg3 Bd2 37. Nd3 Kf5 38. Bc1 Bc3 39. Bb2 Bxb2 40. Nxb2 Ke4 41. Kh4 Kxd4 42. Kg5 Kxe5 43. Kxg6 h4 44. Nd3+ Ke4 45. Nf2+ Kf3 46. Nd3 Be4+ 47. Kg5 Bxd3 48. Kxh4 Kg2 49. h3 Bf5 50. Kg5 Bxh3 51. Kf4 Kf2 52. Ke4 Ke2 53. Kd4 Kd2 54. Kc5 Bf1 55. Kd4 Kc2 56. Kc5 Kb3 57. Kc6 Kxa3 58. Kb7 0-1

[Event "Siracusa op"]
[Site "Siracusa"]
[Date "2006.09.29"]
[Round "8"]
[White "Candura, Stefano"]
[Black "Di Martino, Giancarlo"]
[Result "1-0"]
[WhiteElo "2022"]
[BlackElo "1688"]
[PlyCount "67"]
[EventDate "2006.09.23"]
[EventType "swiss"]
[EventRounds "9"]
[EventCountry "ITA"]
[SourceTitle "EXT 2011"]
[Source "ChessBase"]
[SourceDate "2010.11.26"]
[SourceVersion "1"]
[SourceVersionDate "2010.11.26"]
[SourceQuality "1"]

1. d4 Nf6 2. Nf3 g6 3. Nc3 Bg7 4. e4 d6 5. Be3 0-0 6. Qd2 b6 7. Bh6 Bb7 8. Bd3 c5 9. Bxg7 Kxg7 10. d5 e6 11. 0-0 exd5 12. exd5 Bxd5 13. Nxd5 Nxd5 14. Be4 Nc7 15. Bxa8 Nxa8 16. c4 Nc6 17. Rad1 Qf6 18. Qxd6 Na5 19. Qxf6+ Kxf6 20. b3 Re8 21. Rd7 a6 22. Rfd1 b5 23. cxb5 axb5 24. Ra7 Nxb3 25. axb3 c4 26. bxc4 bxc4 27. Rda1 Nb6 28. R7a6 Re6 29. Rb1 Nd5 30. Rxe6+ fxe6 31. Kf1 Ke7 32. Rc1 c3 33. Ng5 h5 34. Ne4 1-0